Missing Word: Science or Reality on TV Quiz Stats

 Plays Quiz Updated Aug 30, 2018

Score 0/20 Timer 03:00
1 Play Today
% Correct
How
92.9%
Man
89.4%
Catch
82.3%
Dog
78.7%
Jobs
74.5%
Week
74%
American
56.6%
Hell
56%
Bulls
55.9%
Zero
54%
% Correct
Pawn
46.7%
Manor
46%
States
44.4%
Crocodile
38.3%
Games
37.2%
Aliens
35.3%
Abroad
29.1%
Seconds
22.6%
Weird
19.7%
Mountain
14.1%

Today's Daily Dose

Missing Word
Banned Books (A-Z)

Word Ladder
Janis Joplin

Get the Picture
Occupations

You're not logged in!

Compare scores with friends on all Sporcle quizzes.
OR
Log In

Sporcle TV

Today on Sporcle TV


Watch our educational content, quiz creation guides, and fun videos on Sporcle TV.

Show Comments

Extras

Top Quizzes Today


Score Distribution

Your Account Isn't Verified!

In order to create a playlist on Sporcle, you need to verify the email address you used during registration. Go to your Sporcle Settings to finish the process.

Report this User

Report this user for behavior that violates our Community Guidelines.

Details: